000 01219nam a22002897i 4500
003 EG-GICUC
005 20260316103435.0
008 260316b1984 ua|||||f |||| 00| 0 ara d
040 _a EG-GICUC
_bara
_c EG-GICUC
_d EG-GICUC
_erda
082 0 4 _221
_a343.3
092 0 4 _221
099 _aLaw1 10 343.3 1984 ت ق
110 0 _aالجمعية المصرية للقانون الجنائي
245 _aالتقارير المقدمة من أعضاء الجمعية :
_bإلى المؤتمر الدولي الثالث عشر لقانون العقوبات (القاهرة من 1-7أكتوبر سنة 1984) /
_cالجمعية المصرية للقانون الجنائي
264 _aالجيزة:
_bمطبعة جامعة القاهرة;
_c1984
300 _a274 صفحة
_c24 سم
336 _2rda content
_atext
337 _2rda media
_aComputer
338 _2rda carrier
_aOnline Resource
504 _aمجلة القانون والاقتصاد - عقوبات
650 1 4 _aالعلوم الجنائية
_2qrmak
650 1 4 _aقانون الإجراءات الجنائية
651 1 _2qrmak
856 4 0 _uhttps://fll.law.cu.edu.eg/fulltext/bks/B10-08701.pdf
905 _a17
942 _2ddc
_cBK
_e21
_n0
999 _c66369
_d66369